00000000nem##2200000za#4500
0019.548375
003CaOODSP
00520200326233319
007aj |a|||
008150406|2009||||xxc||||   a##f  |   fre|d
020 |a978-0-660-64245-1
022 |a1915-884X
040 |aCaOODSP|bfre
041 |aeng
041 |afre
043 |an-cn---
0861 |aM116-2/063D15
1101 |aCanada.|bRessources naturelles Canada. |bCentre d'information topographique.
24510|aPrairie River, Saskatchewan : |h[document cartographique]|bouest du deuxième méridien
250 |aÉd. 04, version 00
255 |aÉchelle 1:50,000
260 |aOttawa - Ontario : |bRessources naturelles Canada. |c2009.
300 |a1 feuille. : |bcarte en couleur ; |c69 cm.
4901 |aCartes topographiques du Canada|x1915-884X|v63-D/15
500 |aSérie A742. Comprend une légende.
590 |a10-20|b2010-05-21
7760#|tPrairie River, Saskatchewan : |w(CaOODSP)9.583563
791 |tPrairie River, Saskatchewan : |eeng|w(CaOODSP)9.548374
830#0|aCartes topographiques du Canada,|x1915-884X|v63-D/15|w(CaOODSP)9.511451